| 000 | 00446nam a2200133Ia 4500 | ||
|---|---|---|---|
| 008 | 100415s9999 xx 000 0 und d | ||
| 082 |
_b15794 _a799 |
||
| 245 | _aWildlife Monographs: 015861 - no.35-38, 1973-74: - no.106-111, 1990 | ||
| 260 | _c0 | ||
| 365 | _b0 | ||
| 630 | _aWildlife Monographs: 015861 - no.35-38, 1973-74: - no.106-111, 1990 | ||
| 730 | _aWildlife Monographs: 015861 - no.35-38, 1973-74: - no.106-111, 1990 | ||
| 942 | _cBOOK | ||
| 999 |
_c598692 _d598689 |
||